000 00364nam a2200157Ia 4500
005 20250425161520.0
008 250425s9999 xx 000 0 und d
041 _aeng
082 _a001.64404
245 0 _aPROGRAMMING TIME-SHARED COMPUTERS IN BASIC
250 _aS.E.
260 _aS.L.
260 _aSin Pais
_bINTE
_c1972
942 _c01
010 _a21993
999 _c210745
_d210745